[Event "296th YMCA Winter A"]
[Site "Warsaw"]
[Date "2025.01.28"]
[Round "1"]
[White "Pettersson, Alexander"]
[Black "Flis, Piotr"]
[Result "0-1"]
[WhiteElo "1841"]
[BlackElo "1993"]
[PlyCount "114"]
[EventDate "2025.01.10"]
[EventType "tourn"]
[EventRounds "1"]
[EventCountry "POL"]
[SourceDate "2025.01.10"]

1. d4 d5 2. c4 c6 3. cxd5 cxd5 4. Nc3 Nf6 5. Nf3 Nc6 6. Bf4 a6 7. e3 Bg4 8. h3
Bxf3 9. Qxf3 e6 10. Bd3 Bd6 11. O-O Bxf4 12. Qxf4 O-O 13. Rfc1 Rc8 14. Rab1 Qe7
15. Qf3 Nd7 16. Qh5 g6 17. Qd1 Rc7 18. a3 Rfc8 19. Rc2 Na5 20. Rbc1 Nc4 21. b3
Ncb6 22. Nb1 Qd6 23. Rxc7 Rxc7 24. Rxc7 Qxc7 25. Qc2 Qd8 26. Nd2 Nf6 27. Qc5
Nbd7 28. Qc3 Kg7 29. b4 Nb6 30. Bc2 Nc8 31. Nb3 Nd6 32. Nc5 Qc8 33. Bd3 Kf8 34.
Kf1 Ke7 35. Ke2 h5 36. Na4 Qd8 37. f3 Nd7 38. Nc5 Qc7 39. Na4 $11 Qb8 40. Kf2
Ne8 41. h4 Qh2 42. Nc5 Qxh4+ 43. Kf1 Nd6 44. a4 Qh1+ 45. Kf2 h4 46. b5 h3 47.
gxh3 Qh2+ 48. Ke1 axb5 49. axb5 Qg1+ 50. Bf1 Qg3+ 51. Ke2 Nb6 52. Nd3 Nbc4 53.
b6 Qg1 54. Ne5 Nf5 55. Nxc4 dxc4 56. Ke1 Nxe3 57. Qb4+ Kf6 0-1

[Event "296th YMCA Winter A"]
[Site "Warsaw"]
[Date "2025.01.10"]
[Round "1"]
[White "Rozycki, Bartlomiej"]
[Black "Kasperkiewicz, Pawel"]
[Result "1-0"]
[WhiteElo "2130"]
[BlackElo "1871"]
[PlyCount "133"]
[EventDate "2025.01.10"]
[EventType "tourn"]
[EventRounds "1"]
[EventCountry "POL"]
[SourceDate "2025.01.10"]

1. e4 e6 2. d4 d5 3. e5 c5 4. c3 Nc6 5. Nf3 Bd7 6. Be2 Nge7 7. Na3 cxd4 8. cxd4
Nf5 9. Nc2 Qb6 10. O-O Na5 11. Qd3 a6 12. Na3 Bxa3 13. Qxa3 Bb5 14. Bxb5+ Qxb5
15. b3 Nc6 16. Rd1 Qb4 17. g4 Nfe7 18. Qb2 O-O 19. Bd2 Qb5 20. Be1 f6 21. a4
Qb6 22. exf6 Rxf6 23. Rd3 Raf8 24. Qe2 Ng6 25. Qd1 e5 26. dxe5 Ngxe5 27. Nxe5
Nxe5 28. Re3 $11 Nf3+ 29. Rxf3 Rxf3 30. Qxd5+ Kh8 31. b4 Qg6 32. Qh5 Qxh5 33.
gxh5 h6 34. Rc1 R3f5 35. Rc4 R8f7 36. Rh4 Rf4 37. Rh3 Rf3 38. Kg2 Rxh3 39. Kxh3
Rf5 40. Kg4 Rg5+ 41. Kh4 Rg2 42. h3 Kg8 43. a5 Kf7 44. f4 Ke6 45. Bc3 Kf5 46.
Be5 Ke4 47. Bd6 Kd5 48. Bc5 Ke4 49. Bd6 Rb2 50. Kg4 Rb3 51. Be5 Rb1 52. Bd6
Rg1+ 53. Kh4 Rd1 54. Be5 Kd5 55. Bxg7 Rb1 56. Bxh6 Rxb4 57. Kg5 b5 58. axb6
Rxb6 59. f5 Rb3 60. h4 a5 61. Bf8 Rb8 62. Be7 a4 63. h6 Rg8+ 64. Kf6 Ke4 65. h7
Ra8 66. Kg6 Ke5 67. h8=Q+ 1-0

[Event "296th YMCA Winter A"]
[Site "Warsaw"]
[Date "2025.01.10"]
[Round "1"]
[White "Mazurek, Jerzy"]
[Black "Sternik, Piotr"]
[Result "0-1"]
[WhiteElo "1891"]
[BlackElo "1876"]
[PlyCount "68"]
[EventDate "2025.01.10"]
[EventType "tourn"]
[EventRounds "1"]
[EventCountry "POL"]
[SourceDate "2025.01.10"]

1. e4 e5 2. Nf3 Nf6 3. Nxe5 d6 4. Nf3 Nxe4 5. Nc3 Nxc3 6. dxc3 Be7 7. Be3 O-O
8. Qd2 Nc6 9. O-O-O Ne5 10. Nd4 a5 11. f4 Ng4 12. Bg1 d5 13. Nf3 c6 14. Kb1 a4
15. a3 Qc7 16. h3 Nf6 17. Be3 Ne4 18. Qe1 Bd6 19. Qh4 Re8 20. Bc1 Qb6 21. Ka2
Qf2 22. Bd3 Be7 23. Qh5 g6 24. Qe5 f6 25. Qd4 Qxd4 26. cxd4 Nf2 27. Rdf1 Nxh1
28. Rxh1 Bd6 29. g4 Bd7 30. g5 fxg5 31. Nxg5 Rf8 32. h4 Bxf4 33. Kb1 Bxc1 34.
Kxc1 h6 0-1

[Event "296th YMCA Winter A"]
[Site "Warsaw"]
[Date "2025.01.10"]
[Round "1"]
[White "Lewandrowski, Tomasz"]
[Black "Szwaj, Jacek"]
[Result "0-1"]
[WhiteElo "1972"]
[BlackElo "1924"]
[PlyCount "90"]
[EventDate "2025.01.10"]
[EventType "tourn"]
[EventRounds "1"]
[EventCountry "POL"]
[SourceDate "2025.01.10"]

1. d4 d5 2. Nc3 Nf6 3. Bf4 e6 4. Nb5 Bb4+ 5. c3 Ba5 6. a4 a6 7. b4 Bxb4 8. cxb4
axb5 9. axb5 Rxa1 10. Qxa1 Nh5 11. Bg3 Nxg3 12. hxg3 Qd6 13. Qc3 Nd7 14. Nf3
Nf6 15. Nd2 Bd7 16. e3 O-O 17. Bd3 Ra8 18. O-O b6 19. Nf3 Ra7 20. Ne5 Ne8 21.
g4 f6 22. Nf3 Qe7 23. e4 dxe4 24. Bxe4 Bxb5 25. Re1 Qd7 26. Bc2 Bc6 27. Nd2 Bd5
28. Qd3 g6 29. Ne4 Kg7 30. g5 f5 31. Nc3 Nd6 32. Qe2 Nf7 33. f4 Ra3 34. Nb5 Rg3
35. Kf1 Rxg2 36. Qd3 Rg4 37. Nc3 Rxf4+ 38. Ke2 Rg4 39. Kd2 Bc6 40. d5 Bxd5 41.
Kc1 Bc6 42. Qe2 Qd4 43. Nd1 Qa1+ 44. Kd2 Rg2 45. Nf2 Qd4+ 0-1

[Event "296th YMCA Winter A"]
[Site "Warsaw"]
[Date "2025.01.10"]
[Round "1"]
[White "Bobinski, Lukasz"]
[Black "Choroszej, Aleksander"]
[Result "0-1"]
[WhiteElo "1922"]
[BlackElo "2022"]
[PlyCount "102"]
[EventDate "2025.01.10"]
[EventType "tourn"]
[EventRounds "1"]
[EventCountry "POL"]
[SourceDate "2025.01.10"]

1. c4 g6 2. Nc3 Bg7 3. d4 d6 4. Nf3 Nf6 5. e4 O-O 6. Be2 e5 7. O-O Nc6 8. d5
Ne7 9. Kh1 Ne8 10. Rg1 f5 11. g4 fxg4 12. Ng5 Nf6 13. Be3 c6 14. Ne6 Bxe6 15.
dxe6 d5 16. cxd5 cxd5 17. exd5 Nfxd5 18. Nxd5 Qxd5+ 19. Qxd5 Nxd5 20. Bc5 Rfc8
21. Rac1 Bh6 22. Rc4 Nf4 23. Bxg4 b6 24. Bf3 bxc5 25. Bxa8 Rxa8 26. Rxc5 Bg7
27. e7 Kf7 28. Rd1 Ne6 29. Rb5 Kxe7 30. Rb7+ Kf6 31. Rdd7 Bf8 32. Rf7+ Kg5 33.
Rxh7 Rc8 34. Kg2 e4 35. Rb5+ Kf6 36. Rxa7 Nf4+ 37. Kg3 Nh5+ 38. Kg4 Bc5 39.
Ra6+ Kg7 40. Rb7+ Kh6 41. Rf7 Bd4 42. Rf5 Kg7 43. Rb5 Rc1 44. Rb7+ Kh6 45. Rf7
Rg1+ 46. Kh3 Be5 47. Kh4 Rg2 48. h3 $11 Ng7 49. b4 Bc7 50. Rxg7 Bd8+ 51. Rf6
Bxf6# 0-1

[Event "296th YMCA Winter A"]
[Site "Warsaw"]
[Date "2025.01.10"]
[Round "1"]
[White "Celinski, Kamil"]
[Black "Urych, Krzysztof"]
[Result "1-0"]
[WhiteElo "1997"]
[BlackElo "1954"]
[PlyCount "63"]
[EventDate "2025.01.10"]
[EventType "tourn"]
[EventRounds "1"]
[EventCountry "POL"]
[SourceDate "2025.01.10"]

1. c4 Nf6 2. g3 c6 3. Bg2 d5 4. Nf3 dxc4 5. O-O Nbd7 6. Qc2 Nb6 7. Na3 Be6 8.
Ne5 h5 9. Naxc4 Nxc4 10. Nxc4 h4 11. Ne5 hxg3 12. hxg3 Qd4 13. Qc3 Qxc3 14.
bxc3 Nd7 15. Nf3 Bh3 16. Rb1 Bxg2 17. Kxg2 b6 18. Bb2 f6 19. c4 Kf7 20. d4 e6
21. Bc3 Bd6 22. Rfd1 Rhd8 23. a4 e5 24. e3 e4 25. Nd2 f5 26. c5 bxc5 27. Nc4
Nb6 28. Nxb6 axb6 29. Rxb6 cxd4 30. Rxd4 Rac8 31. Rb7+ Rc7 32. Rxd6 1-0

[Event "296th YMCA Winter A"]
[Site "Warsaw"]
[Date "2025.01.17"]
[Round "2"]
[White "Flis, Piotr"]
[Black "Urych, Krzysztof"]
[Result "1-0"]
[WhiteElo "1993"]
[BlackElo "1954"]
[PlyCount "103"]
[EventDate "2025.01.10"]
[EventType "tourn"]
[EventRounds "1"]
[EventCountry "POL"]
[SourceDate "2025.01.10"]

1. Nf3 Nf6 2. g3 d5 3. Bg2 e6 4. O-O Be7 5. d4 O-O 6. c4 dxc4 7. Qc2 b5 8. a4
b4 9. Nfd2 Nd5 10. Nxc4 c5 11. dxc5 Bxc5 12. e4 Nb6 13. Rd1 N8d7 14. Nxb6 axb6
15. Nd2 Ba6 16. Nb3 Qe7 17. Nxc5 Qxc5 18. Qb1 Qe7 19. Be3 Nc5 20. b3 Bb7 21.
Rd4 f5 22. Rxb4 Bxe4 23. Bxe4 Nxe4 24. Rxb6 Rfd8 25. Qe1 Rab8 26. a5 Rxb6 27.
Bxb6 Ra8 28. Be3 Qb7 29. b4 e5 30. f3 Nf6 31. Kf2 e4 32. Bd4 Nd5 33. Bc5 e3+
34. Kg2 f4 35. g4 Qb5 36. Ra2 Qc4 37. Qe2 Qb3 38. Qc2 Qxc2+ 39. Rxc2 Kf7 40.
Kf1 Ke6 41. Ke2 g5 42. Kd3 Ke5 43. Kc4 Nc7 44. Ra2 Rd8 45. Bb6 Rc8 46. Bxc7+
Rxc7+ 47. Kb5 Rd7 48. a6 Rd2 49. Ra1 Rd8 50. a7 e2 51. Re1 Rd5+ 52. Kc6 1-0

[Event "296th YMCA Winter A"]
[Site "Warsaw"]
[Date "2025.01.17"]
[Round "2"]
[White "Szwaj, Jacek"]
[Black "Bobinski, Lukasz"]
[Result "1-0"]
[WhiteElo "1924"]
[BlackElo "1922"]
[PlyCount "57"]
[EventDate "2025.01.10"]
[EventType "tourn"]
[EventRounds "1"]
[EventCountry "POL"]
[SourceDate "2025.01.10"]

1. e4 c5 2. Nf3 d6 3. d4 cxd4 4. Qxd4 a6 5. c4 Nc6 6. Qe3 g6 7. Be2 Nf6 8. h3
Bg7 9. O-O O-O 10. Rd1 Nd7 11. Nc3 Nc5 12. Rb1 a5 13. b3 Be6 14. Bb2 a4 15. Nd5
Bxb2 16. Rxb2 axb3 17. axb3 Bxd5 18. exd5 Nb4 19. Qh6 f6 20. Nd4 Ra6 21. h4 Qd7
22. Qd2 Rb6 23. Nb5 Nca6 24. Qe3 Nc5 25. Qc3 Nca6 26. Bf3 Rxb5 27. cxb5 Rc8 28.
Qe1 Qxb5 29. Qe6+ 1-0

[Event "296th YMCA Winter A"]
[Site "Warsaw"]
[Date "2025.01.16"]
[Round "2"]
[White "Sternik, Piotr"]
[Black "Lewandrowski, Tomasz"]
[Result "1/2-1/2"]
[WhiteElo "1876"]
[BlackElo "1972"]
[PlyCount "91"]
[EventDate "2025.01.10"]
[EventType "tourn"]
[EventRounds "1"]
[EventCountry "POL"]
[SourceDate "2025.01.10"]

1. d4 Nf6 2. c4 e6 3. Nf3 d5 4. g3 Bb4+ 5. Bd2 Be7 6. Bg2 O-O 7. O-O c6 8. Qc2
b6 9. Nc3 Bb7 10. Rad1 Nbd7 11. b3 Rc8 12. e4 h6 13. Rfe1 Re8 14. e5 Nh7 15.
cxd5 cxd5 16. Qd3 Nb8 17. a4 Ba6 18. Nb5 Qd7 19. Rc1 Nf8 20. h4 Nc6 21. Bf1 Nb4
22. Qb1 Qb7 23. g4 Rxc1 24. Rxc1 Bxb5 25. Bxb5 Rc8 26. h5 a5 27. g5 hxg5 28.
Nxg5 f6 29. Nf3 fxe5 30. Nxe5 Bd6 31. Bf4 Bxe5 32. Bxe5 Nc6 33. f4 Nxe5 34.
fxe5 Rxc1+ 35. Qxc1 Qf7 36. Be2 $11 Qf5 37. Qc3 Qf4 38. Kg2 Kh7 39. Bf3 Kh6 40.
Qc8 Qf5 41. Kg3 g5 42. Bg4 Qf4+ 43. Kh3 Qf1+ 44. Kg3 Qf4+ 45. Kh3 Qf1+ 46. Kg3
1/2-1/2

[Event "296th YMCA Winter A"]
[Site "Warsaw"]
[Date "2025.01.17"]
[Round "2"]
[White "Kasperkiewicz, Pawel"]
[Black "Mazurek, Jerzy"]
[Result "1/2-1/2"]
[WhiteElo "1871"]
[BlackElo "1891"]
[PlyCount "155"]
[EventDate "2025.01.10"]
[EventType "tourn"]
[EventRounds "1"]
[EventCountry "POL"]
[SourceDate "2025.01.10"]

1. e4 e5 2. Nf3 Nc6 3. Bc4 Nf6 4. d3 Bc5 5. O-O a6 6. c3 Ba7 7. h3 d6 8. a4 h6
9. Re1 O-O 10. Nbd2 Re8 11. Nf1 Be6 12. Bxe6 Rxe6 13. Ng3 d5 14. Qb3 Rb8 15.
Be3 Bxe3 16. Rxe3 g6 17. Rae1 d4 18. cxd4 Nxd4 19. Nxd4 Qxd4 20. Ne2 Qb6 21.
Qa2 Rd8 22. Rc1 Red6 23. Qa3 c6 24. a5 Qc7 25. Rc4 Qd7 26. Rc3 Qe7 27. Rb3 R6d7
28. Qxe7 Rxe7 29. f4 exf4 30. Nxf4 Nd5 31. Nxd5 cxd5 32. Kf2 dxe4 33. Rxe4 Rxd3
34. Rxd3 Rxe4 35. Rb3 Ra4 36. Rxb7 Rxa5 37. Ra7 Rf5+ 38. Ke3 Rf6 39. h4 h5 40.
g3 Rb6 41. Kf4 Kg7 42. Kf3 Kf6 43. Kf4 Rb4+ 44. Kf3 Ra4 45. Kg2 Ke6 46. Kf3 f6
47. b3 Ra5 48. Kf4 g5+ 49. hxg5 fxg5+ 50. Ke4 Kf6 51. Ra8 Re5+ 52. Kf3 Re6 53.
Rh8 Kg6 54. Rg8+ Kf5 55. Rf8+ Rf6 56. Re8 Rb6 57. Re3 Rb5 58. Rc3 a5 59. Re3 h4
60. gxh4 gxh4 61. Rc3 Kg5 62. Re3 Rf5+ 63. Kg2 Kf4 64. Rc3 Rh5 65. Kh3 Ke4 66.
Kg4 Rh8 67. Kh3 Kd4 68. Rc4+ Kd3 69. Ra4 Rh5 70. b4 axb4 71. Rxb4 Ke3 72. Rb3+
Kd2 73. Rb2+ Kc3 74. Ra2 Kb3 75. Rf2 Rh8 76. Rf4 Ka3 77. Rxh4 Rxh4+ 78. Kxh4
1/2-1/2

[Event "296th YMCA Winter A"]
[Site "Warsaw"]
[Date "2025.01.17"]
[Round "2"]
[White "Pettersson, Alexander"]
[Black "Rozycki, Bartlomiej"]
[Result "1/2-1/2"]
[WhiteElo "1841"]
[BlackElo "2130"]
[PlyCount "157"]
[EventDate "2025.01.10"]
[EventType "tourn"]
[EventRounds "1"]
[EventCountry "POL"]
[SourceDate "2025.01.10"]

1. d4 Nf6 2. c4 e6 3. Nf3 Bb4+ 4. Nbd2 b6 5. a3 Bxd2+ 6. Bxd2 Bb7 7. Bg5 d6 8.
e3 h6 9. Bh4 g5 10. Bg3 Ne4 11. Bd3 Nxg3 12. fxg3 Nd7 13. O-O Qe7 14. Nd2 O-O-O
15. Be4 d5 16. Bf3 f5 17. b4 g4 18. Be2 dxc4 19. Bxc4 h5 20. Qb3 Rh6 21. a4 h4
22. a5 hxg3 23. hxg3 Rdh8 24. axb6 Rh2 25. d5 exd5 26. Ba6 Nxb6 27. Bxb7+ Kxb7
28. Qa3 Nc8 29. Kf2 Qd6 30. Rfc1 Qb6 31. Rc5 Rh1 32. Rxd5 Nd6 33. Rxd6 cxd6 34.
Nc4 Rxa1 35. Qxa1 Qxb4 36. Nxd6+ Qxd6 37. Qxh8 Qd2+ 38. Kf1 Qd3+ 39. Kf2 a5 40.
Qb2+ Ka6 41. Qb8 a4 42. Qc8+ Ka5 43. Qc5+ Qb5 44. Qc3+ Kb6 45. Qd4+ Kc7 46.
Qc3+ Kb7 47. Qg7+ Ka6 48. Qf6+ Qb6 49. Qc3 Qd6 50. Qc4+ Ka5 51. Qc3+ Kb5 52.
Qb2+ Ka6 53. Qe2+ Ka7 54. Qb5 Qd2+ 55. Kf1 Qc1+ 56. Kf2 a3 57. Qa5+ Kb7 58.
Qb5+ Kc7 59. Qa5+ Kc6 60. Qa6+ Kd5 61. Qb7+ Ke6 62. Qb6+ Ke5 63. Qd4+ Ke6 64.
Qb6+ Kf7 65. Qb3+ Kg7 66. Qb7+ Kg6 67. Qb6+ Kh5 68. Qa7 Qb2+ 69. Kg1 a2 70.
Qh7+ Kg5 71. Qg8+ Kh6 72. Qe6+ Kg7 73. Qe7+ Kg8 74. Qe8+ Kh7 75. Qf7+ Kh6 76.
Qe6+ Kh7 77. Qf7+ Kh6 78. Qe6+ Kg5 79. Qg8+ $11 1/2-1/2

[Event "296th YMCA Winter A"]
[Site "Warsaw"]
[Date "2025.01.30"]
[Round "3"]
[White "Rozycki, Bartlomiej"]
[Black "Flis, Piotr"]
[Result "1/2-1/2"]
[WhiteElo "2130"]
[BlackElo "1993"]
[PlyCount "28"]
[EventDate "2025.01.10"]
[EventType "tourn"]
[EventRounds "1"]
[EventCountry "POL"]
[SourceDate "2025.01.10"]

1. d4 d5 2. c4 e6 3. Nc3 Nf6 4. Bg5 Be7 5. e3 h6 6. Bf4 O-O 7. c5 b6 8. b4 a5
9. a3 axb4 10. axb4 Rxa1 11. Qxa1 Nc6 12. Qb2 bxc5 13. bxc5 e5 14. dxe5 Ne4 $11
1/2-1/2

[Event "296th YMCA Winter A"]
[Site "Warsaw"]
[Date "2025.01.24"]
[Round "3"]
[White "Mazurek, Jerzy"]
[Black "Pettersson, Alexander"]
[Result "1-0"]
[WhiteElo "1891"]
[BlackElo "1841"]
[PlyCount "61"]
[EventDate "2025.01.10"]
[EventType "tourn"]
[EventRounds "1"]
[EventCountry "POL"]
[SourceDate "2025.01.10"]

1. e4 c6 2. d4 d5 3. Nd2 dxe4 4. Nxe4 Nd7 5. Ng5 Ngf6 6. Bd3 e6 7. N1f3 Bd6 8.
Qe2 h6 9. Ne4 Nxe4 10. Qxe4 Qc7 11. Bd2 b6 12. Qg4 Kf8 13. Qe4 Bb7 14. Qe2 c5
15. O-O-O Bf4 16. Kb1 Bxd2 17. Rxd2 Rc8 18. Be4 Bxe4 19. Qxe4 Nf6 20. Qe2 c4
21. c3 b5 22. Ne5 Qb7 23. f3 Nd5 24. Ka1 Ke7 25. f4 g6 26. Re1 Rhe8 27. f5 gxf5
28. Qh5 Rf8 29. Qxh6 Rh8 30. Qg7 Rb8 31. Ng6+ 1-0

[Event "296th YMCA Winter A"]
[Site "Warsaw"]
[Date "2025.01.24"]
[Round "3"]
[White "Lewandrowski, Tomasz"]
[Black "Kasperkiewicz, Pawel"]
[Result "0-1"]
[WhiteElo "1972"]
[BlackElo "1871"]
[PlyCount "156"]
[EventDate "2025.01.10"]
[EventType "tourn"]
[EventRounds "1"]
[EventCountry "POL"]
[SourceDate "2025.01.10"]

1. d4 Nf6 2. Nc3 d5 3. Bf4 g6 4. Nb5 Na6 5. e3 c6 6. Nc3 Qb6 7. Rb1 Bg7 8. h4
h5 9. Nf3 O-O 10. Qd2 c5 11. Bxa6 cxd4 12. exd4 Qxa6 13. Be5 Bg4 14. Nh2 Be6
15. f3 Rac8 16. Kf2 Bf5 17. Rhe1 Qb6 18. Nf1 Kh7 19. Ng3 Bh6 20. Qd1 Be6 21.
Nce2 Nd7 22. Bf4 Bg7 $11 23. c3 Qa5 24. Bg5 Rfe8 25. Nf4 Nf8 26. Qd3 Qa6 27.
Qxa6 bxa6 28. Nd3 Rc7 29. Nc5 Bc8 30. Bf4 Rc6 31. Be5 Ne6 32. b4 Bxe5 33. Rxe5
Nf4 34. Re3 Bf5 35. Rb3 Bc8 36. Nf1 Ne6 37. Nd3 Kg7 38. Ra3 Nc7 39. Nc5 Nb5 40.
Rb3 Nd6 41. Nd2 Nf5 42. Re5 Nxh4 43. Ra3 e6 44. g4 hxg4 45. fxg4 f6 46. Re1 e5
47. Kg3 g5 48. dxe5 Rxe5 49. Rxe5 fxe5 50. Nf1 Rf6 51. Nh2 Rb6 52. Ra5 Kf6 53.
Nf1 Ng6 54. Na4 Rb5 55. Rxb5 axb5 56. Nc5 Nf4 57. Kf3 e4+ 58. Ke3 Ke5 59. Nh2
Ne6 60. Nb3 Bd7 61. Nc5 Nxc5 62. bxc5 a5 63. a3 Bc8 64. Nf1 Bxg4 65. Nd2 Bd1
66. Nf1 g4 67. Ng3 Bc2 68. Ne2 Ba4 69. Nd4 b4 70. cxb4 axb4 71. axb4 g3 72. Ne2
Bb5 73. Nxg3 d4+ 74. Kd2 e3+ 75. Ke1 d3 76. Nf1 Kd4 77. Ng3 Kc3 78. Ne4+ Kc2
0-1

[Event "296th YMCA Winter A"]
[Site "Warsaw"]
[Date "2025.02.04"]
[Round "3"]
[White "Bobinski, Lukasz"]
[Black "Sternik, Piotr"]
[Result "1/2-1/2"]
[WhiteElo "1922"]
[BlackElo "1876"]
[PlyCount "75"]
[EventDate "2025.01.10"]
[EventType "tourn"]
[EventRounds "1"]
[EventCountry "POL"]
[SourceDate "2025.01.10"]

1. e4 e5 2. Nf3 Nf6 3. d4 Nxe4 4. Bd3 d5 5. Nxe5 Bd6 6. O-O O-O 7. c4 c6 8. Nc3
Nxc3 9. bxc3 Nd7 10. Nxd7 Bxd7 11. cxd5 cxd5 12. Qh5 f5 13. Qf3 Bc6 14. Bxf5
Qf6 15. Bg4 Qe7 16. Qe2 Qc7 17. h3 Rae8 18. Qd3 a6 19. a4 b5 20. a5 Bd7 21. Bf3
Qc6 22. Ba3 Bf5 23. Qd1 Bxa3 24. Rxa3 Be4 $11 25. Bxe4 Rxe4 26. Re1 Rfe8 27.
Rxe4 Rxe4 28. Qd2 h6 29. Ra1 Qc7 30. Qd3 Qe7 $11 31. Kf1 Qc7 32. Kg1 Qe7 33.
Qf3 b4 34. cxb4 Qxb4 35. Qf5 Re1+ 36. Rxe1 Qxe1+ 37. Kh2 Qxa5 38. Qc8+ $11
1/2-1/2

[Event "296th YMCA Winter A"]
[Site "Warsaw"]
[Date "2025.01.22"]
[Round "3"]
[White "Celinski, Kamil"]
[Black "Szwaj, Jacek"]
[Result "1/2-1/2"]
[WhiteElo "1997"]
[BlackElo "1924"]
[PlyCount "43"]
[EventDate "2025.01.10"]
[EventType "tourn"]
[EventRounds "1"]
[EventCountry "POL"]
[SourceDate "2025.01.10"]

1. c4 e6 2. g3 d5 3. Bg2 d4 4. Nf3 c5 5. O-O Ne7 6. e3 Nec6 7. exd4 cxd4 8. d3
Be7 9. Re1 O-O 10. Na3 f6 11. Nc2 e5 12. Nh4 g5 13. Bd5+ Kg7 14. Ng2 Bf5 15. f4
Qd7 16. Rf1 Na6 17. Qe2 Nc5 18. Nge1 Bg4 19. Nf3 Bf5 20. Nfe1 Bg4 21. Nf3 Bf5
22. Nfe1 1/2-1/2

[Event "296th YMCA Winter A"]
[Site "Warsaw"]
[Date "2025.01.24"]
[Round "3"]
[White "Urych, Krzysztof"]
[Black "Choroszej, Aleksander"]
[Result "0-1"]
[WhiteElo "1954"]
[BlackElo "2022"]
[PlyCount "66"]
[EventDate "2025.01.10"]
[EventType "tourn"]
[EventRounds "1"]
[EventCountry "POL"]
[SourceDate "2025.01.10"]

1. e4 g6 2. d4 Bg7 3. Nc3 d6 4. Nf3 a6 5. Be3 b5 6. h4 h6 7. e5 e6 8. a4 b4 9.
Ne4 Bb7 10. Bd3 Ne7 11. Qe2 Nf5 12. O-O-O Nd7 13. g4 Nxe3 14. Qxe3 Bxe4 15.
Bxe4 d5 16. Bd3 c5 17. dxc5 Qc7 18. Rhe1 Nxc5 19. Qf4 O-O 20. Qxb4 Rfc8 21. c3
Rab8 22. Qf4 Qa5 23. Bc2 Qb6 24. b4 Ne4 25. Bxe4 Qxb4 26. Rd3 dxe4 27. Qxe4
Rxc3+ 28. Rxc3 Qxc3+ 29. Kd1 Rb4 30. Qe3 Rb1+ 31. Ke2 Qc4+ 32. Qd3 Rb2+ 33. Ke3
Rb3 0-1

[Event "296th YMCA Winter A"]
[Site "Warsaw"]
[Date "2025.01.31"]
[Round "4"]
[White "Flis, Piotr"]
[Black "Choroszej, Aleksander"]
[Result "1-0"]
[WhiteElo "1993"]
[BlackElo "2022"]
[PlyCount "63"]
[EventDate "2025.01.10"]
[EventType "tourn"]
[EventRounds "1"]
[EventCountry "POL"]
[SourceDate "2025.01.10"]

1. e4 g6 2. d4 Bg7 3. Nf3 d6 4. Be2 Nf6 5. Nc3 O-O 6. O-O c6 7. a4 Qc7 8. h3
Nbd7 9. Be3 e5 10. dxe5 dxe5 11. Bc4 Re8 12. Qd2 Nf8 13. Ng5 Ne6 14. Nxe6 Bxe6
15. Bxe6 Rxe6 16. Rfd1 Bf8 17. f3 b6 18. Qe2 Rd8 19. Rxd8 Qxd8 20. a5 Nd7 21.
Qa6 Qc7 22. axb6 axb6 23. Qa8 b5 24. Nd1 Nb6 25. Qa5 c5 26. Qxb5 Nc8 27. Ra8
Rc6 28. Nc3 Nd6 29. Bh6 Nc8 30. Nd5 Qd6 31. Qb7 Bxh6 32. Qxc6 1-0

[Event "296th YMCA Winter A"]
[Site "Warsaw"]
[Date "2025.02.18"]
[Round "4"]
[White "Szwaj, Jacek"]
[Black "Urych, Krzysztof"]
[Result "1/2-1/2"]
[WhiteElo "1924"]
[BlackElo "1954"]
[PlyCount "71"]
[EventDate "2025.01.10"]
[EventType "tourn"]
[EventRounds "1"]
[EventCountry "POL"]
[SourceDate "2025.01.10"]

1. e4 c5 2. Nf3 Nc6 3. d4 cxd4 4. Nxd4 Nf6 5. Nc3 e5 6. Ndb5 d6 7. Bg5 a6 8.
Na3 b5 9. Nd5 Be7 10. Bxf6 Bxf6 11. c4 b4 12. Nc2 a5 13. g3 O-O 14. Bg2 g6 15.
O-O Bg7 16. Qd3 Be6 17. Nde3 Qb6 18. b3 Rfd8 19. h4 h5 20. Kh2 Bh6 21. Nd5 Bxd5
22. Qxd5 Ne7 $11 23. Qd3 a4 24. Rab1 axb3 25. Qxb3 Qa5 26. Qxb4 Qxa2 27. Rb2
Qa5 28. Qxa5 Rxa5 29. Rd1 Nc6 30. Rb6 Rc5 31. Bf1 Na5 32. Rb5 Rdc8 33. Na3 Bf8
34. Rd5 Nc6 35. Rbxc5 dxc5 36. Nb5 $11 1/2-1/2

[Event "296th YMCA Winter A"]
[Site "Warsaw"]
[Date "2025.01.30"]
[Round "4"]
[White "Sternik, Piotr"]
[Black "Celinski, Kamil"]
[Result "1-0"]
[WhiteElo "1876"]
[BlackElo "1997"]
[PlyCount "91"]
[EventDate "2025.01.10"]
[EventType "tourn"]
[EventRounds "1"]
[EventCountry "POL"]
[SourceDate "2025.01.10"]

1. e4 c5 2. Nf3 d6 3. d4 cxd4 4. Nxd4 Nf6 5. Nc3 a6 6. Qe2 e5 7. Nf5 Bxf5 8.
exf5 Nc6 9. Bg5 Be7 10. O-O-O Nd4 11. Rxd4 exd4 12. Bxf6 dxc3 13. Bxg7 Kd7 14.
Bxh8 Qxh8 15. Qe4 Qc8 16. Bc4 Qc6 17. Bd5 Qb5 18. Bb3 Qc6 $11 19. Qg4 Bf6 20.
Bxf7 Qb6 21. bxc3 Qxf2 22. Be6+ Kc7 23. Qc4+ Kb8 24. Rd1 Be5 25. Kb2 Ka7 26.
Rf1 Qb6+ 27. Qb3 Qd8 28. Rf3 Qg5 29. Rd3 Rb8 30. Qd5 Qh4 31. Rh3 Qf4 32. Qc4
Qf2 33. g4 Qb6+ 34. Qb3 Qg1 35. Rxh7 Bf4 36. a4 Bc1+ 37. Ka2 Qc5 38. Bd5 Qc8
39. h4 Be3 40. a5 Ka8 41. g5 Qxf5 42. Bxb7+ Ka7 43. Be4+ Qxh7 44. Bxh7 Rxb3 45.
Kxb3 Bf2 46. g6 1-0

[Event "296th YMCA Winter A"]
[Site "Warsaw"]
[Date "2025.01.31"]
[Round "4"]
[White "Kasperkiewicz, Pawel"]
[Black "Bobinski, Lukasz"]
[Result "1-0"]
[WhiteElo "1871"]
[BlackElo "1922"]
[PlyCount "91"]
[EventDate "2025.01.10"]
[EventType "tourn"]
[EventRounds "1"]
[EventCountry "POL"]
[SourceDate "2025.01.10"]

1. e4 e5 2. Nf3 Nc6 3. Bb5 a6 4. Bxc6 dxc6 5. O-O Bg4 6. h3 h5 7. d3 Bd6 8.
Nbd2 Qf6 9. Re1 O-O-O 10. hxg4 hxg4 11. Nh2 Nh6 12. Ndf1 Bc5 13. Be3 Bxe3 14.
Nxe3 Kb8 15. Nhxg4 Nxg4 16. Qxg4 Rh4 17. Qg3 Rdh8 18. f3 g6 19. Kf2 Qe6 20. Nc4
R8h5 21. Ke2 b5 22. Ne3 f5 23. Qf2 Rh2 24. Kd2 c5 25. b3 Qb6 26. a4 c4 27. bxc4
Rg5 28. Re2 Qa5+ 29. c3 Ka8 30. cxb5 axb5 31. Qf1 b4 32. Qc1 Rh8 33. cxb4 Qxb4+
34. Qc3 Qb7 35. Rc1 fxe4 36. fxe4 Kb8 37. Nd5 Rh7 38. Rc2 Kc8 39. Rb2 Qa7 40.
Qc6 Qa5+ 41. Nc3 Rd7 42. Rb5 Qa7 43. Qc5 Qa8 44. Rf2 Rd8 45. a5 Rg3 46. Nd5 1-0

[Event "296th YMCA Winter A"]
[Site "Warsaw"]
[Date "2025.01.31"]
[Round "4"]
[White "Pettersson, Alexander"]
[Black "Lewandrowski, Tomasz"]
[Result "0-1"]
[WhiteElo "1841"]
[BlackElo "1972"]
[PlyCount "140"]
[EventDate "2025.01.10"]
[EventType "tourn"]
[EventRounds "1"]
[EventCountry "POL"]
[SourceDate "2025.01.10"]

1. d4 Nf6 2. Nf3 e6 3. e3 b6 4. Bd3 Bb7 5. O-O g5 6. Nc3 g4 7. Ne5 h5 8. e4 d6
9. Nc4 d5 10. exd5 Nxd5 11. Ne4 Nb4 12. Bg5 Be7 13. Bxe7 Qxe7 14. Ne5 N8c6 15.
Nxc6 Bxc6 16. c4 O-O-O 17. Bb1 Bb7 18. a3 Nc6 19. d5 Ne5 20. Nc3 Nxc4 21. Qa4
Nd2 22. Re1 Qg5 23. Ne4 Nxe4 24. Bxe4 exd5 25. Bd3 Kb8 26. Re2 h4 27. Rae1 g3
28. fxg3 hxg3 29. h3 f5 30. Qc2 f4 31. Re7 c5 32. R1e5 Qf6 33. R7e6 Qf7 34. Re7
Qf6 35. R7e6 Qf7 36. Re7 Qf8 37. Be2 Rc8 38. Qg6 Rh6 39. Qg5 Qf6 40. Qg4 Rh4
41. Qd7 Qc6 42. Qf5 c4 43. Qf7 Rhh8 44. R5e6 Qc5+ 45. Kh1 Rc7 46. Rxc7 Qxc7 47.
Re7 Qc6 48. Qxf4+ Ka8 49. Qxg3 $11 Rd8 50. Bf3 a5 51. Qg7 b5 52. Rc7 Qb6 53.
Qe7 Rb8 54. Qc5 Qxc5 55. Rxc5 d4 56. Rxb5 Bxf3 57. Rxa5+ Kb7 58. gxf3 Rd8 59.
Re5 d3 60. Re1 Kc6 61. Kg2 Rb8 62. Kf2 Rxb2+ 63. Ke3 Kd5 64. a4 Ra2 65. a5 Rxa5
66. Rg1 Ra8 67. Rg5+ Kc6 68. Kd2 Ra2+ 69. Kc3 Rc2+ 70. Kd4 d2 0-1